Families can be happy. (Record no. 14578)

000 -LEADER
fixed length control field 00554nam a2200193 a 4500
001 - CONTROL NUMBER
control field :::00012410$&:&@@
003 - CONTROL NUMBER IDENTIFIER
control field OkBaRHE
005 - DATE AND TIME OF LATEST TRANSACTION
control field 20000607103419.0
008 - FIXED-LENGTH DATA ELEMENTS--GENERAL INFORMATION
fixed length control field s1981 j 000 0 eng u
040 ## - CATALOGING SOURCE
Transcribing agency
100 1# - MAIN ENTRY--PERSONAL NAME
Personal name Grams, Betty Jane.
245 10 - TITLE STATEMENT
Title Families can be happy.
260 ## - PUBLICATION, DISTRIBUTION, ETC. (IMPRINT)
Place of publication, distribution, etc Springfield, MO., :
Name of publisher, distributor, etc Gospel Publishing House
Date of publication, distribution, etc c1981
300 ## - PHYSICAL DESCRIPTION
Extent 128 p. ;
Dimensions 18 cm.
650 ## - SUBJECT ADDED ENTRY--TOPICAL TERM
Topical term or geographic name as entry element Family
650 ## - SUBJECT ADDED ENTRY--TOPICAL TERM
Topical term or geographic name as entry element Marriage
942 ## - ADDED ENTRY ELEMENTS (KOHA)
Source of classification or shelving scheme
Koha item type Books
Copies
Date acquired Copy number Source of classification or shelving scheme Price effective from Full call number Withdrawn status Damaged status Date last seen Shelving location Not for loan Koha item type Permanent Location Lost status Barcode
2010-04-141 2010-04-14HQ 728 .G7  2010-04-14General Stacks BooksRHEMA Bible Training College 12410